000
00300nam a22001337a 4500
020
_a
07-5000-0709
082
_a
001
_b
EMM/M
100
_a
GEORGE IMMATTI
245
_a
MODERN QUIZ
260
_a
THRISSUR
_b
H & C PUBLISHING HOUSE
_c
2009
300
_a
96
650
_a
QUIZ MALAYALAM
_z
KERALA
942
_c
BK
999
_c
1013
_d
1013